000 00725nam a22002417a 4500
003 UA-OsUOA
001 125844
007 ta
008 20170929b un ||||| |||| 00| 0 ukr d
100 _aГалайба В.
090 _a351.74(477-25)(091)
_bГ15
942 _cBK
040 _aUA-OsUOA
_brus
_cUA-OsUOA
_dUA-OsUOA
245 _aБорьба с преступностью в старом Киеве
300 _a192 с.
955 _a1
041 _arus
080 _a351.74(477-25)(091)
020 _a978-966-2536-18-2
260 _aК.
_bСкай Хорос
_c2012
650 7 _a35 Державно-адміністративне управління. Військова справа
_2UDC
999 _c413085
_d413085